Evangelical Winter : (Record no. 9161)
[ view plain ]
| 000 -LEADER | |
|---|---|
| fixed length control field | 01584nam a22001817a 4500 |
| 003 - CONTROL NUMBER IDENTIFIER | |
| control field | GBCCL |
| 005 - DATE AND TIME OF LATEST TRANSACTION | |
| control field | 20241126110706.0 |
| 008 - FIXED-LENGTH DATA ELEMENTS--GENERAL INFORMATION | |
| fixed length control field | 220419b ||||| |||| 00| 0 eng d |
| 020 ## - INTERNATIONAL STANDARD BOOK NUMBER | |
| International Standard Book Number | 9780983971634 |
| 040 ## - CATALOGING SOURCE | |
| Transcribing agency | gbc |
| 082 ## - DEWEY DECIMAL CLASSIFICATION NUMBER | |
| Classification number | 270.82 |
| Item number | LAR |
| 100 ## - MAIN ENTRY--PERSONAL NAME | |
| Personal name | Johnson, Larry G |
| 9 (RLIN) | 15970 |
| 245 ## - TITLE STATEMENT | |
| Title | Evangelical Winter : |
| Remainder of title | Restoring New Testament Christianity / |
| Statement of responsibility, etc. | Larry G Johnson |
| 260 ## - PUBLICATION, DISTRIBUTION, ETC. | |
| Place of publication, distribution, etc. | Oklahoma : |
| Name of publisher, distributor, etc. | Anvil House Publishers LLC , |
| Date of publication, distribution, etc. | 2016 |
| 300 ## - PHYSICAL DESCRIPTION | |
| Extent | 315p. ; |
| 505 ## - FORMATTED CONTENTS NOTE | |
| Formatted contents note | American evangelicalism has been on a downward slide since the 1960s. It has progressively succumbed to the humanistic spirit of the world and as a result has made the narrow gate wide. Now, large segments of the American evangelical church no longer identify with the truth, passion, power, and other hallmarks of New Testament Christianity. The spirit of the world has captured the hearts and agenda of many evangelical churches. Accommodation and compromise are key elements used to sanitize and smooth the rough edges of an old-fashioned gospel flowing from a rugged, blood-stained cross that requires death to self. In this new church man's efforts have replaced the inerrant Word of God as its guiding light, but such has brought the chill of a wintry season which has settled over much of evangelicalism in America. Correction must be preceded by a truthful diagnosis of the church's spiritual sickness. Accurately diagnosed, the church must make necessary course corrections in the light of the unalterable pattern of New Testament Christianity. That is the purpose of this book. |
| 942 ## - ADDED ENTRY ELEMENTS (KOHA) | |
| Source of classification or shelving scheme | Dewey Decimal Classification |
| Koha item type | Books |
| Koha issues (borrowed), all copies | 4 |
| Withdrawn status | Lost status | Source of classification or shelving scheme | Damaged status | Not for loan | Home library | Current Library | Shelving location | Date acquired | Total checkouts | Full call number | Barcode | Date last seen | Date last checked out | Copy number | Price effective from | Koha item type |
|---|---|---|---|---|---|---|---|---|---|---|---|---|---|---|---|---|
| Dewey Decimal Classification | GRACE BIBLE COLLEGE | GRACE BIBLE COLLEGE | Church History | 2022-04-19 | 4 | 270.82 LAR | 015494 | 2025-05-01 | 2023-10-27 | c.1 | 2022-04-19 | Books |